[Event "Rubinstein Memorial-D 54th"]
[Site "Polanica Zdroj"]
[Date "2018.08.25"]
[Round "8"]
[White "Kolarz, Maciej"]
[Black "Barwinska, Ewa"]
[Result "1/2-1/2"]
[WhiteElo "1378"]
[BlackElo "1451"]
[PlyCount "104"]
[EventDate "2018.08.18"]
[EventType "swiss"]
[EventRounds "9"]
[EventCountry "POL"]
[SourceTitle "EXT 2020"]
[Source "ChessBase"]
[SourceDate "2019.10.17"]
[SourceVersion "1"]
[SourceVersionDate "2019.10.17"]
[SourceQuality "1"]

1. d4 d5 2. c4 e6 3. Nc3 Nf6 4. cxd5 exd5 5. Bg5 c6 6. e3 Bf5 7. Nf3 Nbd7 8. Bd3 Bxd3 9. Qxd3 Be7 10. 0-0 0-0 11. Rab1 a5 12. a3 h6 13. Bh4 Re8 14. h3 Nb6 15. Qc2 Nc4 16. Nd2 Nxd2 17. Qxd2 Ne4 18. Nxe4 dxe4 19. Bxe7 Qxe7 20. b4 axb4 21. Qxb4 Qxb4 22. axb4 Ra4 23. b5 Rd8 24. Rfc1 Rd6 25. bxc6 Rxc6 26. Rxc6 bxc6 27. Rb8+ Kh7 28. Rc8 Rc4 29. Kh2 g5 30. g4 Kg6 31. Kg3 Kg7 32. h4 Kh7 33. Re8 Kg6 34. Rxe4 c5 35. hxg5 hxg5 36. Kf3 cxd4 37. Rxd4 Rc6 38. e4 Rc3+ 39. Ke2 Rc2+ 40. Ke3 Rc5 41. Rd5 Rc3+ 42. Kd2 Rc4 43. Kd3 Ra4 44. Rd6+ Kg7 45. Ke3 Ra3+ 46. Rd3 Ra5 47. f4 gxf4+ 48. Kxf4 Ra1 49. Rd5 Rf1+ 50. Kg5 f6+ 51. Kh4 Rh1+ 52. Kg3 Rg1+ 1/2-1/2

[Event "Rubinstein Memorial-D 54th"]
[Site "Polanica Zdroj"]
[Date "2018.08.20"]
[Round "3"]
[White "Kolarz, Maciej"]
[Black "Walaszczyk, Mikolaj"]
[Result "1-0"]
[WhiteElo "1378"]
[BlackElo "1217"]
[PlyCount "55"]
[EventDate "2018.08.18"]
[EventType "swiss"]
[EventRounds "9"]
[EventCountry "POL"]
[SourceTitle "EXT 2020"]
[Source "ChessBase"]
[SourceDate "2019.10.17"]
[SourceVersion "1"]
[SourceVersionDate "2019.10.17"]
[SourceQuality "1"]

1. d4 Nf6 2. c4 e6 3. Nc3 Bb4 4. Bg5 h6 5. Bxf6 Qxf6 6. e3 c5 7. a3 Bxc3+ 8. bxc3 0-0 9. Nf3 d5 10. Be2 dxc4 11. Bxc4 Rd8 12. Qc2 cxd4 13. cxd4 Nc6 14. Qe4 Bd7 15. Bd3 Re8 16. 0-0 a6 17. Rfc1 Rac8 18. Rab1 b5 19. Rc5 Na5 20. Ne5 Rxc5 21. Qh7+ Kf8 22. Nxd7+ Ke7 23. Nxf6 Kxf6 24. dxc5 Rc8 25. g3 Rxc5 26. Qe4 Rc6 27. Qf4+ Ke7 28. Qb4+ 1-0

[Event "Rubinstein Memorial-D 54th"]
[Site "Polanica Zdroj"]
[Date "2018.08.19"]
[Round "2"]
[White "Stefaniuk, Zbigniew"]
[Black "Kolarz, Maciej"]
[Result "0-1"]
[WhiteElo "1173"]
[BlackElo "1378"]
[PlyCount "130"]
[EventDate "2018.08.18"]
[EventType "swiss"]
[EventRounds "9"]
[EventCountry "POL"]
[SourceTitle "EXT 2020"]
[Source "ChessBase"]
[SourceDate "2019.10.17"]
[SourceVersion "1"]
[SourceVersionDate "2019.10.17"]
[SourceQuality "1"]

1. d4 Nf6 2. c4 d6 3. Nc3 Nbd7 4. e4 e5 5. d5 a5 6. Be3 Nc5 7. Bd3 Bg4 8. f3 Bd7 9. Bc2 b6 10. Nge2 Be7 11. 0-0 0-0 12. Ng3 Ne8 13. Nf5 Bg5 14. Bxg5 Qxg5 15. Qc1 Qf4 16. Qxf4 exf4 17. Ne2 g5 18. Ned4 f6 19. Nh6+ Kg7 20. Nhf5+ Kf7 21. Nh6+ Kg6 22. Nhf5 Ng7 23. Ne7+ Kf7 24. Nef5 h5 25. Nh6+ Kg6 26. Nhf5 h4 27. Nxg7 Kxg7 28. h3 Rae8 29. Rae1 Re5 30. Nf5+ Kf7 31. Nh6+ Kg6 32. Nf5 Rfe8 33. Nd4 Kf7 34. Kf2 Na6 35. Bb1 Nc5 36. Bc2 Nb7 37. Bb1 Nd8 38. Bc2 Kf8 39. Bd1 Nf7 40. Bc2 Nh6 41. Bb1 Kf7 42. Bc2 Kg6 43. Bb1 f5 44. exf5+ Nxf5 45. Bxf5+ Bxf5 46. Nxf5 Kxf5 47. Rxe5+ Rxe5 48. Rd1 Re3 49. Rd2 Ke5 50. Rd1 a4 51. Rd2 a3 52. b3 Rc3 53. Ke2 b5 54. cxb5 Rc5 55. b4 Rxb5 56. Rd3 Rxb4 57. Rxa3 Kxd5 58. Ra5+ c5 59. a4 Kd4 60. Ra6 d5 61. a5 Rb2+ 62. Kf1 c4 63. Rc6 Ra2 64. a6 c3 65. Kg1 Kd3 0-1